Normal view MARC view

Entry Nombre corporativo

Number of records used in: 1

001 - NÚMERO DE CONTROL

  • campo de control: 175644

003 - IDENTIFICADOR DE NÚMERO DE CONTROL

  • campo de control: OSt

005 - FECHA Y HORA DE LA ÚLTIMA TRANSACCIÓN

  • campo de control: 20230222193321.0

008 - ELEMENTOS DE DATO DE LONGITUD-FIJA

  • campo de control de longitud fija: 221027 n abnnnaa|n a a|a d

040 ## - FUENTE DE CATALOGACIÓN

  • Centro catalogador/agencia de origen: OSt
  • Centro/agencia transcriptor: OSt

110 2# - ENCABEZAMIENTO-NOMBRE DE ENTIDAD CORPORATIVA

  • Nombre de entidad corporativa o nombre de jurisdicción como elemento de entrada: Real Sociedad Económica Matritense de Amigos del País.
  • Unidad subordinada: Junta de Damas de Honor y Mérito

410 2# - TRAZADO DE VÉASE--NOMBRE DE ENTIDAD CORPORATIVA

  • Nombre de entidad corporativa o nombre de jurisdicción como elemento de entrada: Junta de Damas de Honor y Mérito de la Real Sociedad Económica Matritense

410 2# - TRAZADO DE VÉASE--NOMBRE DE ENTIDAD CORPORATIVA

  • Nombre de entidad corporativa o nombre de jurisdicción como elemento de entrada: Real Sociedad Económica Matritense.
  • Unidad subordinada: Junta de Damas de Honor y Mérito

410 2# - TRAZADO DE VÉASE--NOMBRE DE ENTIDAD CORPORATIVA

  • Nombre de entidad corporativa o nombre de jurisdicción como elemento de entrada: Junta de Damas Matritense